Guess the Harry Potter Movies by Scene #42 - Statistics

General Stats
  • This quiz has been taken 98 times
  • The average score is 19 of 20
Answer Stats
Picture Answer % Correct
Chamber of Secrets
100%
Goblet of Fire
100%
Half-Blood Prince
100%
Order of the Phoenix
100%
Order of the Phoenix
100%
Order of the Phoenix
100%
Order of the Phoenix
100%
Philosopher's Stone
100%
Chamber of Secrets
95%
Deathly Hallows – Part 2
95%
Goblet of Fire
95%
Prisoner of Azkaban
95%
Deathly Hallows – Part 1
89%
Goblet of Fire
89%
Goblet of Fire
89%
Prisoner of Azkaban
89%
Deathly Hallows – Part 1
84%
Deathly Hallows – Part 1
84%
Philosopher's Stone
84%
Deathly Hallows – Part 1
79%
No matching quizzes found
Score Distribution
Percent of People with Each Score
Percentile by Number Answered
Your Score History
You have not taken this quiz